Statistiques concernant Villes les plus peuplées de Suisse

Cliquez ici pour prendre le quiz!

Statistiques générales

  • Ce quiz a été pris 68 fois
  • Le résultat moyen est 11 sur 20

Statistiques - réponses

CantonPopulationVille% Correct
ZH421 000Zurich
98%
GE203 000Genève
97%
BE135 000Berne
95%
BS173 000Bâle
91%
VD140 000Lausanne
89%
LU82 000Lucerne
80%
TI62 000Lugano
71%
NE44 000Neuchâtel
71%
SG76 000St-Gall
66%
FR38 000Fribourg
63%
VS34 000Sion
63%
BE55 000Bienne
38%
BE43 000Thoune
37%
TI43 000Bellinzone
35%
GR37 000Coire
32%
ZH114 220Winterthour
31%
NE36 000La Chaux-de-Fonds
29%
SH36 000Schaffhouse
29%
BE42 000Köniz
12%
ZH35 000Uster
9%

Distribution des résultats

Percentile par nombre de réponses

% des personnes avec chaque résultat

Votre développement - résultats

Vous n’avez pas pris ce quiz